000 00579nam a2200229Ia 4500
003 OSt
005 20220918215305.0
006 a|||||r|||| 00| 0
007 ta
008 220917b |||||||| |||| 00| 0 eng d
024 _a140,839
037 _cTextual
040 _aARTS
_cARTS
_beng
041 _2eng
_aeng
082 _aY1y7, H6
100 _aHamilton Gordon
_988142
245 0 _aPrinciples of social case recording
260 _aNA
_bNA
_c1946
650 _aSOCIOLOGY
942 _hY1y7, H6
_cTEXL
_2CC
999 _c263800
_d263800